|
|
|
|
| LEADER |
01420nam a2200313 a 4500 |
| 001 |
44218 |
| 003 |
BD-DhAAL |
| 005 |
20250707115109.0 |
| 008 |
250306t1993 nyua 001 0 eng |
| 010 |
|
|
|a 93036063
|
| 020 |
|
|
|a 8120312279 :
|c $15.95
|
| 020 |
|
|
|a 9788120312272
|
| 040 |
|
|
|a DLC
|c DLC
|d DLC
|d BD-DhAAL
|
| 050 |
0 |
0 |
|a HG4551
|b .D29 1993
|
| 082 |
0 |
0 |
|a 332.64273
|2 20
|
| 245 |
0 |
0 |
|a How the stock market works /
|c edited by John M. Dalton.
|
| 250 |
|
|
|a Second edition.
|
| 260 |
|
|
|a New York ;
|a India :
|b New York Institute of Finance ;
|b Prentice-hall of India,
|c c1993 [reprinted 1997].
|
| 300 |
|
|
|a xii, 325 pages :
|b illustrations ;
|c 23 cm
|
| 500 |
|
|
|a Revised edition of: How the stock market works / edited by John M. Dalton. 2nd ed. 1993
Includes index
|
| 526 |
|
|
|x Donated by Farhana Zahir
Assistant Professor
BRAC Business School
Course name and no. : N/A
|
| 541 |
|
|
|a Donated by Farhana Zahir( Assistant Professor, BRAC Business School.)
|e 44218
|
| 650 |
|
0 |
|a Stock exchanges.
|
| 650 |
|
0 |
|a Stocks.
|
| 700 |
1 |
|
|a Dalton, John M.,
|d 1942-
|9 57917
|
| 852 |
|
|
|a Ayesha Abed Library
|c General Stacks
|
| 942 |
|
|
|2 ddc
|c BK
|
| 999 |
|
|
|c 47260
|d 47260
|
| 952 |
|
|
|0 0
|1 0
|2 ddc
|4 0
|6 332_642730000000000_HOW
|7 0
|9 77453
|a BRACUL
|b BRACUL
|c GEN
|d 2025-03-06
|e General Stacks
|f Donated by
|l 0
|o 332.64273 HOW
|p 3010044218
|r 2025-03-06
|t 1
|w 2025-03-06
|y BK
|x Donated by Farhana Zahir Assistant Professor BBS, BRAC University.Rs150.00
|